Vývoj bezpečnosti cestnej premávky na Slovensku v kontexte strategických dokumentov EÚ a SR

Zhrnutie základných poznatkov o vývoji bezpečnosti cestnej premávky v kontexte s kompetenciami a strategickými dokumentmi relevantných orgánov verejnej správy SR na úseku bezpečnosti cestnej premávky. Na základe kvantitatívnej analýzy dostupných dát, zhodnotenie súčasného stavu realizácie strategick...

Full description

Saved in:
Bibliographic Details
Main Author: Filip, Stanislav
Other Authors: Filipová, Ľubica
Format: Book Chapter
Language:Slovak
Subjects:
Tags: Add Tag
No Tags, Be the first to tag this record!

MARC

LEADER 00000naa a2200000 4500
001 0282678
005 20240417075158.7
041 0 |a slo 
044 |a SK 
245 1 0 |a Vývoj bezpečnosti cestnej premávky na Slovensku v kontexte strategických dokumentov EÚ a SR  |c Stanislav Filip, Ľubica Filipová 
520 |a Zhrnutie základných poznatkov o vývoji bezpečnosti cestnej premávky v kontexte s kompetenciami a strategickými dokumentmi relevantných orgánov verejnej správy SR na úseku bezpečnosti cestnej premávky. Na základe kvantitatívnej analýzy dostupných dát, zhodnotenie súčasného stavu realizácie strategických cieľov v tejto oblasti v rámci EÚ a vybraných členských štátov od roku 2002 až do roku 2018. 
610 2 0 |a doprava cestná 
610 2 0 |a bezpečnosť dopravy 
610 2 0 |a nehody dopravné 
610 2 0 |a dokumenty 
610 2 0 |a metódy matematicko-štatistické 
610 2 0 |a analýzy 
610 2 0 |a Slovensko 
610 2 0 |a Európska únia 
100 1 |a Filip, Stanislav 
700 1 |a Filipová, Ľubica